000 00520nam a2200157 i 4500
001 60195
003 ES-MaACL
005 20230906164156.0
007 t|
008 031103s1907 be ||||1| fre d
100 1 _aErrera, Lö.
_9126946
245 1 0 _aCours de Physiologie moleculare fait au doctorat en Sciences mathematiques en 1903 /
_cpar Lö Errera ; lecons recueillies et redigées par H. Schonteden.
260 _aBruxelles :
_b[s.n.,
_c1907]
700 1 _aSchonteden, H.
_9104649
852 _aES-MaACL
_jT-1384-F-1
999 _c60195
_d60195